| 000 | 00606nam a2200229Ia 4500 | ||
|---|---|---|---|
| 003 | OSt | ||
| 005 | 20220926044540.0 | ||
| 006 | a|||||r|||| 00| 0 | ||
| 007 | ta | ||
| 008 | 220923b |||||||| |||| 00| 0 eng d | ||
| 037 | _cGeneral Book | ||
| 040 |
_aRTL _cRTL _beng |
||
| 041 |
_2eng _aeng |
||
| 082 | _aV,6, K0 | ||
| 100 |
_aMarshall A H _9120763 |
||
| 245 | 0 | _aFinancial administration in local government | |
| 260 | _c1960 | ||
| 490 | _aRey at Institute of Public Administration, 4. | ||
| 650 | _aHistory | ||
| 942 |
_hV,6, K0 _cGB _2CC |
||
| 999 |
_c675164 _d675164 |
||